00866cam a2200229 a 450000100100000000500170001000800410002702000150006804000250008308200180010824501140012626000490024030000380028944000560032750400520038365000560043570000210049170000280051270000190054070000210055983000560058000000173820200929145701.0951120s1995 ck bd b 001 0 spa d z9586122107 aDO-SdBNPbspacBNPHU a930.102bI43a00aInformática y arqueología :bun modelo para el manejo de datos básicos /cCristina Urrego ... [et al.]. aColombia :bColcultura;bTM Editores,c1995. a178 p. :btablas, mapas ;c21 cm. 0aPremios Nacionales de Cultura, 1994pAntropología aIncluye referencias bibliográficas p. 171-178 4aArqueologíaxProcesamiento electrónico de datos1 aUrrego, Cristina1 aHerrera, Luisa Fernanda1 aMora, Santiago1 aCavelier, Inés 0aPremios Nacionales de Cultura, 1994pAntropología